La oscura historia de la prima Montse / (Registro nro. 8721)

Detalles MARC
000 -LIDER
fixed length control field 00998nam a22003137a 4500
001 - NÚMERO DE CONTROL
Identificador de número de control 82384
003 - IDENTIFICACDOR DE NÚMERO DE CONTROL
control field DO-SdBNP
005 - DATE AND TIME OF LATEST TRANSACTION
control field 20240716121851.0
007 - CAMPOS FIJOS DE DESCRIPCIÓN FÍSICA
fixed length control field 82384
008 - ELEMENTOS DE LONGITUD FIJA
fixed length control field 010612s2001 sp | ||| ||spa
016 7# - NO. DE CONTROL DE LA AGENCIA BIB. NACIONAL
Source BPMSU
020 ## - ISBN
International Standard Book Number 8481302546
040 ## - FUENTE DE CATALOGACIÓN
Agencia que crea de manera original el registro BPMSU
Idioma de catalogación spa
Agencia que realiza la transcripción BPMSU
082 #4 - NÚMERO DE CLASIFICACIÓN DECIMAL DE DEWEY
Classification number 863.5
Item number M364o 2001
Edition number 22
100 1# - ASIENTO PRINCIPAL -- NOMBRE PERSONAL
Nombre personal Marsé, Juan
Fechas asociadas con el nombre 1933-
245 13 - MENCIÓN DE TITULO
Título La oscura historia de la prima Montse /
Mención de responsabilidad Juan Marsé ; prólogo de Gustavo Martín Garzo
260 ## - PUBLICACIÓN, DISTRIBUCIÓN, ETC. (PIE DE IMPRENTA)
Lugar de publicación, distribución, etc [Barcelona] :
Nombre del editor, distribuidor, etc. Milenium,
Fecha de publicación, distribución, etc 2001
300 ## - DESCRIPCIÓN FÍSICA
Extensión 253 p.:
Dimensiones 21 cm.
490 0# - MENCIÓN DE SERIES
Mención de serie Libros de bolsillo,
Volume/sequential designation 6
490 1# - MENCIÓN DE SERIES
Mención de serie Millenium. Las 100 mejores novelas en castellano del siglo XX
Volume/sequential designation 13
500 ## - NOTA GENERAL
Nota general Incluye datos biográficos del autor en la sola de la cubierta
590 ## - NOTA LOCAL
Texto de la nota local Inventariado, 2024/VM
650 #4 - ENCABEZAMIENTO DE MATERIA--TEMÁTICO
Término temático o nombre geográfico como elemento de entrada Novela española
650 #4 - ENCABEZAMIENTO DE MATERIA--TEMÁTICO
Término temático o nombre geográfico como elemento de entrada Novela amorosa.
650 #4 - ENCABEZAMIENTO DE MATERIA--TEMÁTICO
Término temático o nombre geográfico como elemento de entrada Literatura española.
700 1# - ASIENTO SECUNDARIO -- NOMBRE PERSONAL
Nombre personal Garzo, Gustavo Martín
Mención de responsabilidad prólogo
910 ## - VALIDACIÓN
Validación VMateo V. Control de calidad. BPMSU
942 ## - ADDED ENTRY ELEMENTS (KOHA)
Source of classification or shelving scheme Dewey Decimal Classification
Koha item type Libros
Existencias
Withdrawn status Lost status Source of classification or shelving scheme Damaged status Not for loan Collection code Home library Current library Date acquired Source of acquisition Total Checkouts Full call number Barcode Date last seen Price effective from Koha item type
    Dewey Decimal Classification     Colección Juvenil General Biblioteca Pública Metropolitana Salomé Ureña Biblioteca Pública Metropolitana Salomé Ureña 11/16/2015 FUNDI   BPMSU CG 863.5 M364o 2001 BPMSU15110277 11/16/2015 11/16/2015 Libros